[Event "Online Olym Div2 D"]
[Site "Chess.com INT"]
[Date "2020.08.16"]
[Round "9.1"]
[White "Andersen, Mads"]
[Black "Indjic, Aleksandar"]
[Result "1-0"]
[WhiteElo "2587"]
[BlackElo "2616"]
[PlyCount "135"]
[EventDate "2020.08.14"]
[EventType "team-tourn (rapid)"]
[EventRounds "9"]
[EventCountry "USA"]
[SourceTitle "CBM 198"]
[Source "ChessBase"]
[SourceDate "2020.08.31"]
[SourceVersion "1"]
[SourceVersionDate "2020.08.31"]
[SourceQuality "1"]
[WhiteTeam "Denmark"]
[BlackTeam "Serbia"]
[WhiteTeamCountry "DEN"]
[BlackTeamCountry "SRB"]

1. Nf3 Nf6 2. g3 c5 3. Bg2 Nc6 4. O-O e5 5. d3 d5 6. e4 Be7 7. Nc3 d4 8. Ne2 h6 ({RR} 8... Bg4 9. Ne1 Nd7 10. f4 f6 11. f5 Bh5 12. c4 a6 13. Bf3 Bf7 14. Bd2 b5 15. b3 Qb6 16. g4 a5 17. a4 bxc4 18. bxc4 Nb4 19. Ng3 Nb8 20. h4 h6 21. Qc1 N8a6 22. Be2 Kd7 23. Nf3 {Jones,G (2671)-Paravyan,D (2617) Chess.com INT 2022 1-0 (72)}) 9. Nh4 ({RR} 9. Nd2 g5 10. a4 Qc7 11. Nc4 Be6 12. Na3 O-O-O 13. c3 Nd7 14. cxd4 exd4 15. f4 f5 16. e5 Nb6 17. Nb5 Qb8 18. a5 Nd5 19. a6 bxa6 20. Nd6+ Bxd6 21. exd6 Rxd6 22. Rxa6 Ncb4 23. Rxd6 Qxd6 {Thorhallsson,S (2234)-Yevchenko,A (2276) chess.com INT 2025 1-0}) 9... g6 $146 ({RR} 9... g5 10. Nf5 Bxf5 11. exf5 Qd7 12. f4 gxf4 13. gxf4 exf4 14. Bxf4 O-O-O 15. a3 Rdg8 16. Ng3 h5 17. Ne4 Rg7 18. b4 Rhg8 19. Rf2 Nd5 20. Bh6 Ne3 21. Bxg7 Nxd1 22. Rxd1 Bh4 23. Rf4 Rxg7 24. Rxh4 {Da Luz,F (1929)-Pomar,M (2049) Fraiburgo 2016 1-0 (40)}) 10. f4 exf4 11. gxf4 Ng4 12. Nf3 f5 13. Ng3 h5 14. exf5 gxf5 15. Ne5 Ncxe5 16. fxe5 Bg5 17. Nxf5 Bxf5 18. Rxf5 Be3+ 19. Bxe3 Nxe3 20. Rxh5 Rg8 21. Qf3 Qe7 22. Kh1 O-O-O 23. Qh3+ Kb8 24. Rh7 Rg7 25. Rxg7 Qxg7 26. Qg3 Qxg3 27. hxg3 Rg8 28. Kh2 Kc7 29. Be4 Rf8 30. Kg1 b6 31. c3 Kd7 32. a4 Ke6 33. cxd4 cxd4 34. a5 b5 35. Rc1 b4 36. b3 Kxe5 37. Rc5+ Kd6 38. Rb5 Rf1+ 39. Kh2 Rd1 40. Rxb4 Ng4+ 41. Kh3 Nf2+ 42. Kg2 Ng4 43. Rxd4+ Ke5 44. Rd5+ Ke6 45. Rg5 Rd2+ 46. Kf3 Nh2+ 47. Ke3 Nf1+ 48. Kd4 Ra2 49. Rg6+ Kf7 50. Ra6 Nxg3 51. Rxa7+ Ke6 52. Ra6+ Kd7 53. b4 Ne2+ 54. Ke5 Nc3 55. Ra7+ Kc8 56. Rh7 Ra4 57. Rh8+ Kc7 58. Rh7+ Kc8 59. Kd6 Nxe4+ 60. dxe4 Rxb4 61. Rh8+ Kb7 62. e5 Rd4+ 63. Ke7 Rd5 64. e6 Rxa5 65. Kf7 Rf5+ 66. Kg6 Re5 67. Kf6 Re1 68. e7 1-0

[Event "GER-ch Blitz"]
[Site "Magdeburg"]
[Date "2020.08.15"]
[Round "13"]
[White "Svane, Rasmus"]
[Black "Bluebaum, Matthias"]
[Result "1-0"]
[WhiteElo "2613"]
[BlackElo "2647"]
[PlyCount "93"]
[EventDate "2020.08.15"]
[EventType "tourn (blitz)"]
[EventRounds "29"]
[EventCountry "GER"]
[EventCategory "6"]
[SourceTitle "CBM 197 Extra"]
[Source "ChessBase"]
[SourceDate "2020.09.30"]
[SourceVersion "1"]
[SourceVersionDate "2020.09.30"]
[SourceQuality "1"]

1. Nf3 d5 2. g3 Bg4 3. Bg2 e6 4. O-O Nf6 5. h3 Bxf3 6. Bxf3 Bd6 ({RR} 6... Nbd7 7. d3 Bc5 8. Nd2 O-O 9. Bg2 a5 10. c4 c6 11. e3 a4 12. d4 Bd6 13. Qc2 Re8 14. Rd1 Qc7 15. Rb1 b5 16. cxb5 cxb5 17. Qxc7 Bxc7 18. e4 dxe4 19. Nxe4 Rab8 20. Nc3 Rec8 21. Bf1 {Kramnik,V (2812)-So,W (2770) Leuven 2016 1-0 (38)}) 7. d3 c6 8. e4 Nbd7 9. a4 $146 ({RR} 9. Nd2 O-O 10. Qe2 Qb6 11. c3 Bxg3 12. d4 dxe4 13. Nxe4 Nxe4 14. Bxe4 Bc7 15. Kh1 Nf6 16. Rg1 Nxe4 17. Qxe4 g6 18. Bh6 Rfe8 19. Rg2 Qb5 20. Rag1 Qh5 21. Qe3 e5 22. Rg5 Qxh6 23. Rxg6+ Qxg6 {Tahbaz,A (2438)-Jaskolka,T (2198) chess.com INT 2025 1-0 (58)}) 9... a5 10. Nd2 Qc7 11. Bg2 h5 12. exd5 cxd5 13. Nf3 Qb6 14. c3 Ne5 15. Nxe5 Bxe5 16. Qe2 Bd6 17. Bg5 Be7 18. Rfe1 Rd8 19. d4 Kf8 20. Bf3 Qc7 21. Bxf6 Bxf6 22. Bxh5 g6 23. Bg4 Kg7 24. Kg2 b6 25. Qf3 Qd6 26. Re2 Rhe8 27. Rae1 Rb8 28. h4 b5 29. axb5 Rxb5 30. h5 gxh5 31. Bxh5 Re7 32. Qg4+ Kf8 33. Rd1 Rb6 34. Rd3 a4 35. Rf3 Bg7 36. Qg6 Qd7 37. Qh7 Ra6 38. Rf4 f5 39. Qg6 Kg8 40. Qg5 Rb6 41. Rh4 Rc6 42. Bg6 Kf8 43. Rh7 e5 44. Bxf5 Qc7 45. dxe5 Rxe5 46. Rxg7 Rxf5 47. Rg8+ 1-0

[Event "Titled Tuesday intern op 18th Aug"]
[Site "Chess.com INT"]
[Date "2020.08.18"]
[Round "10"]
[White "Yilmaz, Mustafa"]
[Black "Postny, Evgeny"]
[Result "1-0"]
[WhiteElo "2630"]
[BlackElo "2600"]
[PlyCount "147"]
[EventDate "2020.08.18"]
[EventType "swiss (blitz)"]
[EventRounds "10"]
[EventCountry "USA"]
[SourceTitle "CBM 197 Extra"]
[Source "ChessBase"]
[SourceDate "2020.09.30"]
[SourceVersion "1"]
[SourceVersionDate "2020.09.30"]
[SourceQuality "1"]

1. b3 d5 2. Bb2 Nf6 3. Nf3 c5 4. e3 Nc6 5. Bb5 e6 6. Bxc6+ bxc6 7. Ne5 Bd6 8. f4 Qc7 9. O-O O-O 10. d3 ({RR} 10. Rf3 Nd7 11. Rh3 f6 12. Qh5 fxe5 13. Qxh7+ Kf7 14. Rg3 Ke8 15. Rxg7 Ba6 16. g3 exf4 17. exf4 Kd8 18. d3 e5 19. f5 c4 20. dxc4 Qb6+ 21. Kg2 Nf6 22. Qh6 Ne4 23. Nd2 Qf2+ 24. Kh1 Qxd2 {Flores,D (2631)-Pichot,A (2562) Buenos Aires 2018 0-1}) 10... Nd7 11. Qh5 ({RR} 11. Nxd7 Bxd7 12. Nd2 e5 13. f5 f6 14. e4 Rad8 15. Rf3 Be8 16. Rh3 Bf7 17. Qg4 c4 18. Qh4 h6 19. Rg3 Kh7 20. Bc1 cxd3 21. cxd3 Qb6+ 22. Kf1 Qd4 23. Rb1 Bc5 24. Rxg7+ Kxg7 25. Nf3 Qxd3+ {Shetty,A (2105)-Gunawardhana,D (2121) chess.com INT 2025 0-1}) 11... f6 12. Ng4 e5 $146 ({RR} 12... f5 13. Qg5 Nb6 14. Nf6+ Kh8 15. Nh5 e5 16. Nd2 d4 17. Nf3 e4 18. Nh4 Rf7 19. exd4 Be7 20. Qg3 Qd8 21. dxc5 Bxh4 22. Bxg7+ Kg8 23. Bf6+ Bxg3 24. Bxd8 Nd7 25. Nxg3 exd3 26. c4 Nxc5 27. Ba5 {Carlsen,M (2862)-Rajarishi,K (1960) Chess.com INT 2014 1-0 (50)}) 13. f5 c4 14. dxc4 dxc4 15. Nd2 Ba6 16. Rf3 Rf7 17. Rg3 Re7 18. Ne4 Kh8 19. Rd1 Bb4 20. a3 Ba5 21. Rh3 Nf8 22. Nc5 c3 23. Bc1 Be2 24. Re1 Bxg4 25. Qxg4 e4 26. b4 Bb6 27. Nxe4 Qe5 28. Nf2 Rae8 29. e4 Qxe4 30. Rxe4 Rxe4 31. Qxe4 Rxe4 32. Kf1 Rc4 33. Rd3 Kg8 34. Be3 Kf7 35. Ke2 Bxe3 36. Kxe3 g6 37. Rd4 Rxd4 38. Kxd4 gxf5 39. Kc5 Ne6+ 40. Kc4 Nf4 41. g3 Nd5 42. Nd1 Ke6 43. Nxc3 Ne3+ 44. Kc5 Kd7 45. a4 Nxc2 46. Ne2 Ne1 47. Nf4 Nf3 48. h3 Ng5 49. Nh5 Ne4+ 50. Kd4 Ke6 51. Ng7+ Kd7 52. Nxf5 Nf2 53. h4 Ng4 54. Ne3 Ne5 55. Nc4 Nf3+ 56. Ke4 Ne1 57. Kf5 Ke7 58. Na5 Kd6 59. Kxf6 Nd3 60. Nc4+ Kd5 61. Ne3+ Ke4 62. Nf5 Nxb4 63. g4 c5 64. g5 c4 65. Nd6+ Kd5 66. Nxc4 Kxc4 67. h5 Nd5+ 68. Ke5 Ne7 69. Kf6 Nd5+ 70. Ke5 Ne7 71. Ke6 Nc6 72. g6 hxg6 73. h6 Nd4+ 74. Kf6 1-0

[Event "Online Olym Div Top-A"]
[Site "Chess.com INT"]
[Date "2020.08.21"]
[Round "3.1"]
[White "Svane, Rasmus"]
[Black "Munkhgal, Gombosuren"]
[Result "1-0"]
[WhiteElo "2613"]
[BlackElo "2501"]
[PlyCount "97"]
[EventDate "2020.08.21"]
[EventType "tourn (rapid)"]
[EventRounds "9"]
[EventCountry "USA"]
[SourceTitle "CBM 198"]
[Source "ChessBase"]
[SourceDate "2020.08.31"]
[SourceVersion "1"]
[SourceVersionDate "2020.08.31"]
[SourceQuality "1"]
[WhiteTeam "Germany"]
[BlackTeam "Mongolia"]
[WhiteTeamCountry "GER"]
[BlackTeamCountry "MGL"]

1. Nf3 Nf6 2. g3 e6 3. Bg2 d5 4. O-O b5 5. d3 Bb7 6. c4 dxc4 7. dxc4 Qxd1 8. Rxd1 b4 9. Bf4 Na6 10. Nbd2 Bd6 11. Nb3 Bxf4 12. gxf4 O-O $146 ({RR} 12... Ke7 13. Na5 Be4 14. Ne5 Bxg2 15. Kxg2 Rhc8 16. Nac6+ Ke8 17. Rd4 Nb8 18. Rad1 Nxc6 19. Nxc6 a5 20. e4 Ng8 21. Rd7 h6 22. h4 g6 23. e5 h5 24. Kf3 Kf8 25. Ke4 Nh6 26. c5 Nf5 27. Nd4 {Svane,R (2648)-Vusatiuk,V (2308) Chess.com INT 2022 1-0 (53)}) 13. Ne5 Bxg2 14. Kxg2 Rfd8 15. Rxd8+ Rxd8 16. Nc6 Ra8 17. a3 bxa3 18. Rxa3 Nb8 19. Nxa7 Kf8 20. Kf3 Ke8 21. Nd4 Nbd7 22. Ndc6 Nb6 23. b3 Nfd7 24. Ra5 Nb8 25. Nxb8 Rxb8 26. Nc6 Rb7 27. Ke4 f6 28. Kd4 Kd7 29. Nb4 Nc8 30. Nd3 Ke7 31. b4 Nd6 32. b5 Nf5+ 33. Kc5 Rb6 34. Ra7 Kd8 35. Kb4 Rd6 36. Nc5 Rd2 37. Nxe6+ Kd7 38. e4 Nd6 39. Nc5+ Kd8 40. e5 fxe5 41. fxe5 Nf5 42. Ne6+ Kd7 43. Nxc7 Rxf2 44. Kc5 Re2 45. e6+ Ke7 46. b6 Re5+ 47. Nd5+ Kxe6 48. b7 Nd6 49. b8=Q 1-0

[Event "Online Olym Div Top-B"]
[Site "Chess.com INT"]
[Date "2020.08.21"]
[Round "3.1"]
[White "Gazik, Viktor"]
[Black "Agdestein, Simen"]
[Result "1-0"]
[WhiteElo "2508"]
[BlackElo "2558"]
[PlyCount "71"]
[EventDate "2020.08.21"]
[EventType "team-tourn (rapid)"]
[EventRounds "9"]
[EventCountry "USA"]
[SourceTitle "CBM 198"]
[Source "ChessBase"]
[SourceDate "2020.08.31"]
[SourceVersion "1"]
[SourceVersionDate "2020.08.31"]
[SourceQuality "1"]
[WhiteTeam "Slovakia"]
[BlackTeam "Norway"]
[WhiteTeamCountry "SVK"]
[BlackTeamCountry "NOR"]

1. e4 c5 2. Nf3 Nc6 3. d3 e6 4. g3 d5 5. Nbd2 g6 6. Bg2 Bg7 7. O-O Nf6 8. Re1 O-O 9. c3 b6 10. e5 Nd7 11. d4 cxd4 12. cxd4 f6 ({RR} 12... a5 13. a3 Ba6 14. Nf1 f6 15. exf6 Qxf6 16. Bg5 Qf7 17. Ne3 Nf6 18. Bf4 Ne4 19. h4 Rac8 20. Rc1 Nxd4 21. Rxc8 Nxf3+ 22. Bxf3 Rxc8 23. Bg4 Re8 24. Ng2 Bxb2 25. Be3 Bc3 26. Bxb6 Bxe1 27. Qxe1 {Volkov,S (2151)-Bodnaruk,A (2333) chess.com INT 2024 0-1 (39)}) 13. exf6 Qxf6 14. Nb3 a5 $146 ({RR} 14... h6 15. Be3 Bb7 16. Qd2 Kh7 17. h4 Qf7 18. Nh2 Nf6 19. Nc1 Ne4 20. Bxe4 dxe4 21. Ne2 Rad8 22. Rad1 Ne5 23. Qc2 Rc8 24. Qb1 Nc4 25. Nf4 Nxe3 26. fxe3 g5 27. hxg5 hxg5 28. Nh3 Qh5 29. Kg2 {Hamid,V-Gueye,E (2205) Thessaloniki 1988 0-1 (36)}) 15. Bg5 Qf7 16. Rc1 Bb7 17. a4 h6 18. Be3 Rac8 19. h4 Kh7 20. Bf4 Nf6 21. Nbd2 Nh5 22. Be3 Nb4 23. Nb1 Ba6 24. Rc3 Qf5 25. g4 Qxg4 26. Ng5+ hxg5 27. Qxg4 Nd3 28. Rxc8 Rxc8 29. Rf1 Ndf4 30. hxg5 Rc4 31. Nd2 Rb4 32. Bxf4 Rxd4 33. Ne4 Bxf1 34. Kxf1 dxe4 35. Be3 Rxa4 36. Bxe4 1-0

[Event "Online Olym Div Top-C"]
[Site "Chess.com INT"]
[Date "2020.08.22"]
[Round "4.1"]
[White "Amin, Bassem"]
[Black "Delchev, Aleksander"]
[Result "1-0"]
[WhiteElo "2667"]
[BlackElo "2543"]
[PlyCount "105"]
[EventDate "2020.08.21"]
[EventType "team-tourn (rapid)"]
[EventRounds "9"]
[EventCountry "USA"]
[SourceTitle "CBM 198"]
[Source "ChessBase"]
[SourceDate "2020.08.31"]
[SourceVersion "1"]
[SourceVersionDate "2020.08.31"]
[SourceQuality "1"]
[WhiteTeam "Egypt"]
[BlackTeam "Bulgaria"]
[WhiteTeamCountry "EGY"]
[BlackTeamCountry "BUL"]

1. e4 c5 2. Nf3 d6 3. g3 Nc6 4. Bg2 g6 5. O-O Bg7 6. c3 e5 7. d3 Nge7 8. a3 O-O 9. b4 a6 10. Nbd2 h6 11. Rb1 b6 12. Nc4 b5 13. Ne3 Be6 14. Bb2 cxb4 15. cxb4 d5 16. exd5 Nxd5 17. Re1 Re8 $146 ({RR} 17... Rc8 18. Rc1 Nde7 19. Rc5 Nd4 20. Rxe5 Ndc6 21. Rxe6 Bxb2 22. Re4 Qd6 23. d4 Bxa3 24. Nc2 Bb2 25. Qd2 Nf5 26. g4 Nce7 27. R1e2 Bc3 28. Qd3 Nd5 29. gxf5 Nf4 30. Rxf4 Qxf4 31. fxg6 Qc1+ 32. Bf1 {Amin,B (2690)-Cheparinov,I (2686) Europe Echecs INT 2020 0-1 (54)}) 18. Rc1 Rc8 19. Rc5 Nb6 20. Nxe5 Nxe5 21. Bxe5 Bxe5 22. Rxe5 Nd7 23. Re4 Nf6 24. Rh4 h5 25. Qa1 Ng4 26. h3 Nxe3 27. Rxe3 Qc7 28. Qf6 Qd8 29. Qb2 Qc7 30. Rf4 Qc1+ 31. Qxc1 Rxc1+ 32. Kh2 Rd8 33. h4 Rd1 34. Bb7 Rd6 35. d4 R1xd4 36. Rxd4 Rxd4 37. Bxa6 Bc4 38. Re5 Rd3 39. a4 Rb3 40. Bxb5 Rxb4 41. Re4 Rxb5 42. axb5 Bxb5 43. Rb4 Bd7 44. Kg2 Kg7 45. Kf3 Kf6 46. Kf4 Be6 47. Rb6 Kg7 48. Ke5 Ba2 49. f4 Bc4 50. f5 gxf5 51. Kxf5 Bd3+ 52. Kg5 Bg6 53. Rd6 1-0

[Event "Titled Tuesday intern op 25th Aug"]
[Site "Chess.com INT"]
[Date "2020.08.25"]
[Round "4"]
[White "Nakamura, Hikaru"]
[Black "Nguyen, Ngoc Truong Son"]
[Result "1-0"]
[WhiteElo "2736"]
[BlackElo "2641"]
[PlyCount "63"]
[EventDate "2020.08.25"]
[EventType "swiss (blitz)"]
[EventRounds "10"]
[EventCountry "USA"]
[SourceTitle "CBM 198 Extra"]
[Source "ChessBase"]
[SourceDate "2020.11.30"]
[SourceVersion "1"]
[SourceVersionDate "2020.11.30"]
[SourceQuality "1"]

1. Nf3 Nf6 2. b3 d5 3. Bb2 Nbd7 4. e3 g6 5. c4 c6 ({RR} 5... dxc4 6. bxc4 c5 7. Nc3 Bg7 8. Be2 O-O 9. O-O b6 10. d4 cxd4 11. exd4 Bb7 12. d5 Rc8 13. Nd4 Ne5 14. Qb3 Ne8 15. Ncb5 a6 16. Na7 Rc5 17. f4 Nxc4 18. Nac6 Bxc6 19. Nxc6 Rxc6 20. Bxg7 {Pultinevicius,P (2481)-Nasuta,G (2518) Chess.com INT 2019 1-0 (77)}) 6. d4 Bg7 7. Bd3 O-O 8. O-O $146 ({RR} 8. Nbd2 a6 9. O-O Re8 10. Qe2 b6 11. e4 dxe4 12. Nxe4 Nxe4 13. Bxe4 Bb7 14. Ne5 Nxe5 15. dxe5 e6 16. a4 Qc7 17. f4 Bf8 18. Bd4 c5 19. Bc3 Bc6 20. Qf3 Bxe4 21. Qxe4 a5 {½-½ (21) Azadbakhsh,F (2118)-Javidfard,A (2078) Sari 2013}) 8... b6 9. Nbd2 Bb7 10. b4 a5 11. a3 axb4 12. axb4 dxc4 13. Bxc4 c5 14. Qb3 cxd4 15. Nxd4 Ne5 16. Be2 Qd5 17. Qxd5 Nxd5 18. b5 Nd7 19. Bf3 e6 20. Nc4 Ne5 21. Bxd5 Rxa1 22. Rxa1 Bxd5 23. Nxb6 Nc4 24. Nxd5 exd5 25. Bc3 Rb8 26. h4 h5 27. Ra6 Kh7 28. Ra7 Kg8 29. Rd7 Na3 30. Rxd5 Bxd4 31. Bxd4 Nxb5 32. Be5 1-0

[Event "Titled Tuesday intern op 25th Aug"]
[Site "Chess.com INT"]
[Date "2020.08.25"]
[Round "5"]
[White "Nakamura, Hikaru"]
[Black "Bachmann, Axel"]
[Result "1-0"]
[WhiteElo "2736"]
[BlackElo "2599"]
[PlyCount "79"]
[EventDate "2020.08.25"]
[EventType "swiss (blitz)"]
[EventRounds "10"]
[EventCountry "USA"]
[SourceTitle "CBM 198 Extra"]
[Source "ChessBase"]
[SourceDate "2020.11.30"]
[SourceVersion "1"]
[SourceVersionDate "2020.11.30"]
[SourceQuality "1"]

1. Nf3 Nf6 2. b3 d5 3. e3 Bg4 4. Bb2 e6 5. h3 Bh5 6. d3 c5 7. g4 Bg6 8. Nh4 Nc6 ({RR} 8... Nfd7 9. Nxg6 hxg6 10. Nd2 Nc6 11. Bg2 g5 12. c4 d4 13. Qe2 Qc7 14. O-O-O Be7 15. Bxc6 bxc6 16. exd4 cxd4 17. Bxd4 Bf6 18. Bxf6 gxf6 19. d4 a5 20. a3 Rb8 21. Kb2 Kf8 22. c5 e5 23. Ne4 {Nakamura,H (2750)-Jaracz,P (2465) Chess.com INT 2022 1-0}) 9. Nd2 Nd7 $146 ({RR} 9... Be7 10. Nxg6 hxg6 11. Bg2 e5 12. Qe2 Qd6 13. e4 Nd4 14. Qd1 O-O-O 15. c3 Ne6 16. exd5 Nf4 17. Be4 N6xd5 18. Nc4 Qe6 19. Qc2 f5 20. Bxd5 Rxd5 21. O-O-O Rxh3 22. Rxh3 Nxh3 23. gxf5 gxf5 24. Ne3 {Antonova,N (1909)-Pourkashiyan,A (2322) Chess.com INT 2022 1-0 (40)}) 10. Ndf3 a5 11. a4 e5 12. c4 d4 13. Bg2 Be7 14. Nxg6 hxg6 15. O-O O-O 16. Nd2 Qb6 17. Ne4 Nf6 18. Ng3 Rad8 19. Qe2 dxe3 20. fxe3 Qxb3 21. Ra3 Qb6 22. g5 Nh7 23. h4 Rd7 24. Bd5 Nb4 25. e4 Nxd5 26. exd5 f6 27. Ne4 fxg5 28. Rxf8+ Kxf8 29. Ra1 gxh4 30. Bxe5 Kg8 31. Qg4 Qd8 32. Qe6+ Kh8 33. Rf1 Nf8 34. Qg4 Kg8 35. Qf4 Qe8 36. Bxg7 Kxg7 37. Qe5+ Kh6 38. Nf6 Qd8 39. Ng4+ Kh7 40. Rf7+ 1-0

[Event "Titled Tuesday intern op 25th Aug"]
[Site "Chess.com INT"]
[Date "2020.08.25"]
[Round "10"]
[White "Krysa, Leandro Sergio"]
[Black "Efimenko, Zahar"]
[Result "1-0"]
[WhiteElo "2531"]
[BlackElo "2602"]
[PlyCount "129"]
[EventDate "2020.08.25"]
[EventType "swiss (blitz)"]
[EventRounds "10"]
[EventCountry "USA"]
[SourceTitle "CBM 198 Extra"]
[Source "ChessBase"]
[SourceDate "2020.11.30"]
[SourceVersion "1"]
[SourceVersionDate "2020.11.30"]
[SourceQuality "1"]

1. Nf3 Nf6 2. g3 g6 3. b4 Bg7 4. Bb2 O-O 5. Bg2 d6 6. O-O e5 7. d3 a5 ({RR} 7... a6 8. c4 Nc6 9. b5 axb5 10. cxb5 Na5 11. a4 Re8 12. Nbd2 Ra7 13. Rc1 b6 14. e4 Bh6 15. Rc2 Be6 16. d4 exd4 17. Nxd4 Bd7 18. Re1 Bg7 19. h3 Nb7 20. Nc6 Bxc6 21. Rxc6 Nc5 22. Qc2 {Krysa,L (2531)-Demchenko,A (2641) Chess.com INT 2020 0-1 (68)}) ({RR} 7... a6 8. Nbd2 Nc6 9. a3 h6 10. c4 Be6 11. Rc1 Qd7 12. b5 axb5 13. cxb5 Ne7 14. a4 Nh5 15. Qc2 Rac8 16. Nc4 Bh3 17. Bxh3 Qxh3 18. b6 cxb6 19. Qb3 Rc6 20. Nxb6 Kh7 21. Rxc6 Nxc6 22. Nc4 {Zavivaeva,E (1838)-Vila Dupla,A (2042) chess.com INT 2024 0-1 (39)}) 8. b5 Nbd7 9. c4 Re8 $146 ({RR} 9... Nc5 10. Nbd2 a4 11. Rb1 Bf5 12. e4 Bg4 13. h3 Bd7 14. Qe2 Re8 15. Ne1 Nh5 16. Ndf3 f5 17. Nc2 Nf6 18. Nh4 fxe4 19. dxe4 Nh5 20. Nf5 gxf5 21. Qxh5 Nxe4 22. Ne3 Rf8 23. Bc1 Nc3 24. Nd5 {Arnaudov,P (2108)-Ninov,D (2241) Plovdiv 2014 0-1 (41)}) 10. e4 Nc5 11. Nc3 h6 12. h3 c6 13. a4 Ne6 14. Re1 Nh7 15. Rb1 Nhg5 16. Nxg5 hxg5 17. Ne2 Nc5 18. Qc2 g4 19. h4 Be6 20. Rbd1 cxb5 21. axb5 Rc8 22. Ba3 b6 23. Nc3 Bh6 24. Na4 Qc7 25. Bxc5 dxc5 26. Nc3 Qd6 27. Nd5 Kg7 28. Re2 Rf8 29. Rde1 f5 30. exf5 gxf5 31. Rxe5 Rce8 32. Qe2 Kf7 33. Nc7 Qxc7 34. Rxe6 Rxe6 35. Qxe6+ Kg7 36. Bd5 Bd2 37. Re2 Bc3 38. h5 Rf6 39. Qg8+ Kh6 40. Re8 Bd4 41. Kg2 Qh7 42. Qxh7+ Kxh7 43. Re7+ Kh6 44. f4 gxf3+ 45. Kxf3 Bb2 46. Kf4 a4 47. Ra7 a3 48. g4 fxg4+ 49. Kxg4 Rd6 50. Be4 Bg7 51. Rxa3 Rf6 52. Ra7 Rd6 53. Rb7 Rf6 54. Rc7 Rd6 55. Rc6 Be5 56. Rxd6+ Bxd6 57. Kf5 Bg3 58. Bf3 Be1 59. Ke6 Ba5 60. d4 cxd4 61. Kd6 d3 62. Kc6 d2 63. c5 bxc5 64. Kxc5 Bd8 65. Bd1 1-0

[Event "Titled Tuesday intern op 25th Aug"]
[Site "Chess.com INT"]
[Date "2020.08.25"]
[Round "10"]
[White "Triapishko, Alexandr"]
[Black "Fier, Alexandr"]
[Result "1-0"]
[WhiteElo "2506"]
[BlackElo "2560"]
[PlyCount "93"]
[EventDate "2020.08.25"]
[EventType "swiss (blitz)"]
[EventRounds "10"]
[EventCountry "USA"]
[SourceTitle "CBM 198 Extra"]
[Source "ChessBase"]
[SourceDate "2020.11.30"]
[SourceVersion "1"]
[SourceVersionDate "2020.11.30"]
[SourceQuality "1"]

1. Nf3 Nf6 2. g3 c5 3. Bg2 Nc6 4. d4 cxd4 5. Nxd4 g6 6. b3 Bg7 7. Bb2 O-O 8. O-O d5 9. c4 dxc4 ({RR} 9... Nxd4 10. Qxd4 Be6 11. cxd5 Bxd5 12. Rd1 Bxg2 13. Kxg2 Qa5 14. Nc3 Rac8 15. b4 Qh5 16. h3 Ne8 17. Qe3 Nd6 18. Rd5 Rxc3 19. Qd2 Rc2 20. Qd3 Qxe2 {0-1 (20) Erigaisi,A (2567)-Vokhidov,S (2530) Chess.com INT 2021}) ({RR} 9... Nxd4 10. Bxd4 dxc4 11. bxc4 Qc7 12. Nd2 Bd7 13. Qb3 Bc6 14. e4 Rfd8 15. Bc3 Rxd2 16. Bxd2 Nxe4 17. Rad1 Nxd2 18. Rxd2 Bxg2 19. Kxg2 Bf6 20. Rfd1 Rc8 21. Rd7 Qc6+ 22. Qf3 Qxf3+ 23. Kxf3 Rxc4 24. Rxb7 {Daroczi,D (2130)-Boci,M (2312) chess.com INT 2025 0-1 (48)}) 10. bxc4 $146 ({RR} 10. Nxc6 bxc6 11. Qxd8 Rxd8 12. Bxc6 Rb8 13. Be5 cxb3 14. axb3 Rxb3 15. Rxa7 Bh3 16. Rc1 Rc8 17. Nd2 Rb6 18. Bc7 Rb2 19. Nc4 Rxe2 20. Nb6 Rf8 21. Bf3 Rb2 22. Nd5 Nxd5 23. Bxd5 Bd4 24. Ra2 Bxf2+ {Arias,M (2259)-Shapiro,V (2113) chess.com INT 2024 0-1 (36)}) 10... Qb6 11. Nb3 Be6 12. N1d2 Rfd8 13. Qc2 Rac8 14. Rac1 Nb4 15. Qb1 Qa6 16. a3 Nc6 17. Nc5 Qb6 18. Nxe6 Rxd2 19. Bc3 Qxb1 20. Rxb1 Rd7 21. Nxg7 Kxg7 22. Bh3 e6 23. e3 Nd8 24. Rfc1 g5 25. Bf1 Kg6 26. Rd1 Rxd1 27. Rxd1 Nc6 28. Bd3+ Kg7 29. f4 h6 30. Rf1 Rd8 31. Bc2 e5 32. fxe5 Ng4 33. e6+ f6 34. Be4 Re8 35. Bd5 Nce5 36. Bd4 b6 37. h3 Kg6 38. hxg4 Nxg4 39. Be4+ Kh5 40. Bd5 Kg6 41. Kg2 f5 42. e4 f4 43. gxf4 gxf4 44. Rxf4 Kg5 45. Rf5+ Kh4 46. Bf2+ Nxf2 47. Kxf2 1-0

[Event "Chess24 Banter Blitz Cup Qual-A"]
[Site "chess24.com INT"]
[Date "2020.09.02"]
[Round "2.2"]
[White "Nihal, Sarin"]
[Black "Donchenko, Alexander"]
[Result "1-0"]
[WhiteElo "2620"]
[BlackElo "2657"]
[PlyCount "91"]
[EventDate "2020.09.01"]
[EventType "k.o. (blitz)"]
[EventRounds "3"]
[EventCountry "GER"]
[SourceTitle "CBM 198 Extra"]
[Source "ChessBase"]
[SourceDate "2020.11.30"]
[SourceVersion "1"]
[SourceVersionDate "2020.11.30"]
[SourceQuality "1"]

1. Nf3 d5 2. b3 c5 3. e3 Nc6 4. Bb2 a6 5. d4 cxd4 6. Nxd4 Nf6 7. Nd2 g6 8. Nxc6 bxc6 9. Be2 Bg7 10. O-O O-O 11. c4 a5 12. Rc1 a4 13. b4 a3 14. Bc3 $146 ({RR} 14. Bd4 Be6 15. Qb3 Qb8 16. h3 Rd8 17. c5 Ne4 18. Nf3 Bd7 19. Bxg7 Kxg7 20. Bd3 Nf6 21. Qc3 Kg8 22. Rb1 Ne4 23. Bxe4 dxe4 24. Ne5 Be8 25. Rfd1 Qc7 26. Nc4 Rxd1+ 27. Rxd1 f6 28. Na5 Rd8 {Deac,B (2693)-Halkias,S (2506) chess.com INT 2023 ½-½ (45)}) 14... Qd6 15. Nf3 Ba6 16. b5 cxb5 17. cxb5 Bb7 18. Be5 Qe6 19. Rc7 Rfb8 20. Qd4 Ne8 21. Rc5 Rc8 22. Rfc1 Rxc5 23. Rxc5 Rc8 24. Bxg7 Nxg7 25. Qc3 Nf5 26. Rxc8+ Bxc8 27. Qxa3 d4 28. Qc5 dxe3 29. fxe3 Bb7 30. a4 Qa2 31. Qc4 Qa3 32. Bd3 Nxe3 33. Qd4 Qc1+ 34. Kf2 Nd1+ 35. Kg3 Bxf3 36. Kxf3 Nb2 37. Be4 Qa1 38. Qd8+ Kg7 39. Qd4+ f6 40. b6 Qa3+ 41. Kf2 Nxa4 42. b7 Qa2+ 43. Kg3 Qb3+ 44. Bf3 Nb2 45. Qd8 Nd3 46. b8=Q 1-0

[Event "Titled Tuesday intern op 01st Sept"]
[Site "Chess.com INT"]
[Date "2020.09.01"]
[Round "6"]
[White "Pantsulaia, Levan"]
[Black "Xiong, Jeffery"]
[Result "1-0"]
[WhiteElo "2553"]
[BlackElo "2709"]
[PlyCount "57"]
[EventDate "2020.09.01"]
[EventType "swiss (blitz)"]
[EventRounds "10"]
[EventCountry "USA"]
[SourceTitle "CBM 198 Extra"]
[Source "ChessBase"]
[SourceDate "2020.11.30"]
[SourceVersion "1"]
[SourceVersionDate "2020.11.30"]
[SourceQuality "1"]

1. Nf3 d5 2. g3 Nd7 3. c4 dxc4 4. Bg2 e5 5. Qc2 c6 6. Qxc4 Bd6 7. O-O Ngf6 8. d3 O-O 9. Qc2 Re8 $146 ({RR} 9... h6 10. Nbd2 Re8 11. b3 Nf8 12. Bb2 Ng6 13. a3 a5 14. Rfd1 Bc7 15. e4 {½-½ (15) Moehn,H (2382)-David,A (2518) Spilimbergo ITA 2023}) 10. Nbd2 Nb6 11. b3 Bf5 12. Bb2 Qe7 13. e4 Bg4 14. d4 Bxf3 15. Nxf3 Nbd7 16. Rad1 Rad8 17. h3 exd4 18. Nxd4 g6 19. Rfe1 Bb4 20. Re2 Qc5 21. Qb1 Qb6 22. Kh2 h5 23. f4 h4 24. g4 Bd6 25. e5 Nxe5 26. fxe5 Rxe5 27. Kh1 Qc5 28. Ne6 Rxe6 29. Rxe6 1-0